000 01283nam a22003617a 4500
003 CHAP
005 20220329143111.0
008 060324d2006 mx r 00110 spa d
010 _a91923
011 _a92895
035 _a103462
040 _cCHAP
090 _aTesis
100 1 _aAngel Cruz, Aurora del
_95752
245 1 0 _aUtilización de FGA + PMSG o prostaglandinas en la sincronización del estro en ovejas pelibuey
_c/por Aurora del Angel Cruz
260 _aChapingo, Méx. :
_bEl autor,
_c2006.
300 _a45 h.
502 _aTesis (Ing. Agr. Esp. en Zootecnia) -- UACH. Departamento de Zootecnia
590 _aALEPH
_b10
_c20130110
_lUCH01
_h1510
590 _aBATCH-UPD
_b10
_c20130110
_lUCH01
_h1802
590 _aBATCH-UPD
_b10
_c20130410
_lUCH01
_h1138
590 _aBATCH-UPD
_b10
_c20130914
_lUCH01
_h0700
590 _aCONVERSION
_b10
_c20130109
_lUCH01
_h1351
650 1 4 _aBorrego Pelibuey.
_913937
650 1 4 _aOvulación.
_984414
650 1 4 _aProstaglandinas.
_992435
650 1 4 _aSincronización del celo.
_9106556
901 _aBK
905 _aAlejandra Carrasco M.
942 _cFOLL
949 _aTesis
_bBC
_cTES
_d00000001034621
_eTS1
_gDonaciØn
_h44588
_i103462
_sb
949 _aTesis
_bBC
_cTES
_d33724000999645
_eTS2
_fc.2
_gDonaciØn
_h44589
_i103462
_sb
999 _c91923
_d91923